PILBEAM'S MECHANICAL VENTILATION PHYSIOLOGICAL & CLINICAL APPLICATION (Record no. 30861)

MARC details
000 -LEADER
fixed length control field 00477nam a22001697a 4500
003 - CONTROL NUMBER IDENTIFIER
control field SGT
020 ## - INTERNATIONAL STANDARD BOOK NUMBER
International Standard Book Number 9788131270837
082 ## - DEWEY DECIMAL CLASSIFICATION NUMBER
Classification number 616.024
Item number P24C
100 ## - MAIN ENTRY--PERSONAL NAME
Personal name CAIRO, J.M.
245 ## - TITLE STATEMENT
Title PILBEAM'S MECHANICAL VENTILATION PHYSIOLOGICAL & CLINICAL APPLICATION
250 ## - EDITION STATEMENT
Edition statement 8TH
260 ## - PUBLICATION, DISTRIBUTION, ETC. (IMPRINT)
Place of publication, distribution, etc INDIA
Name of publisher, distributor, etc ELSEVIER PUB
Year of Publication 2024
300 ## - PAGE DESCRIPTION
No. of Pages 574
650 ## - SUBJECT ADDED ENTRY--TOPICAL TERM
Topical term or geographic name as entry element EMERGENCY MEDICINE
653 ## - KEYWORDS--INDEX TERM
Keyword term PILBEAM'S MECHANICAL VENTILATION PHYSIOLOGICAL & CLINICAL APPLICATION
942 ## - ADDED ENTRY ELEMENTS (KOHA)
Source of classification or shelving scheme Dewey Decimal Classification
Koha item type Books
Holdings
Withdrawn status Lost status Source of classification or shelving scheme Damaged status Not for loan Collection code Home library Current library Shelving location Date acquired Vendor Name Cost, normal purchase price SGTU Bill Number Total Checkouts Full call number Accession No. (Barcode) Date last seen Bill Date Koha item type
    Dewey Decimal Classification   Not For Loan MEDICAL SGT Medical Library SGT Medical Library Reference Book 23/03/2025 ABC DELHI 2995.00 SGTU 20800   616.024 P24C FM15149 16/04/2025 23/03/2025 Books
    Dewey Decimal Classification   Not For Loan MEDICAL SGT Medical Library SGT Medical Library Reference Book 23/03/2025 ABC DELHI 2995.00 SGTU 20800   616.024 P24C FM15150 16/04/2025 23/03/2025 Books